| 000 | 00535nam a22001697a 4500 | ||
|---|---|---|---|
| 003 | MACL | ||
| 005 | 20160522115755.0 | ||
| 008 | 160522b xxu||||| |||| 00| 0 eng d | ||
| 040 | _cMACL | ||
| 041 | _aHindi | ||
| 082 | _a891.433 MIT | ||
| 100 |
_aमिथिलेश्वर _945164 |
||
| 245 |
_aदूसरा महाभारत _cमिथिलेश्वर |
||
| 260 |
_aनई दिल्ली _bनेशनल पब्लिशिंग |
||
| 650 |
_aHindi Fiction _958695 |
||
| 942 |
_2ddc _cHIN |
||
| 999 |
_c54058 _d54058 |
||